[Event "Kvika Reykjavik Open 2022"]
[Site "Reykjavik ISL"]
[Date "2022.04.11"]
[Round "8.82"]
[White "Carlsson, Gustav"]
[Black "Putz, Philippe Marco"]
[Result "0-1"]
[WhiteElo "2008"]
[BlackElo "1697"]
[WhiteFideId "1734148"]
[BlackFideId "16294190"]
[EventDate "2022.04.06"]

1. c4 b6 2. Nf3 Bb7 3. g3 Nf6 4. Bg2 e6 5. O-O Be7 6. b3 O-O 7. Bb2 c5 8. Nc3 d5
9. cxd5 Nxd5 10. Nxd5 Bxd5 11. d4 Nd7 12. Rc1 Rc8 13. Qd3 Bf6 14. e4 Bb7 15. Ba3
Ne5 16. Nxe5 Bxe5 17. d5 exd5 18. exd5 Bd4 19. Qc4 a6 20. b4 b5 21. Qd3 Bxd5 22.
bxc5 Bc4 23. Qf3 g6 24. Qg4 Bxf1 25. Kxf1 Qf6 26. Qe2 Rfe8 27. Qd2 Be3 28. Qc2
Bxc1 29. Bxc1 Qe5 30. Be3 Qa1+ 31. Ke2 Qd4 32. Kf1 Rxe3 33. fxe3 Qxc5 34. Qe4
Qc1+ 35. Kf2 Rc2+ 36. Kf3 Qd1+ 37. Kf4 Rc4 0-1

[Event "Kvika Reykjavik Open 2022"]
[Site "Reykjavik ISL"]
[Date "2022.04.11"]
[Round "8.83"]
[White "Helgadottir, Idunn"]
[Black "Maes, Tibo"]
[Result "0-1"]
[WhiteElo "1540"]
[BlackElo "1946"]
[WhiteFideId "2314118"]
[BlackFideId "231274"]
[EventDate "2022.04.06"]

1. d4 d5 2. c4 e6 3. Nc3 Nf6 4. Nf3 a6 5. Bg5 dxc4 6. e4 b5 7. e5 h6 8. Bh4 g5
9. Nxg5 hxg5 10. Bxg5 Nbd7 11. exf6 Bb7 12. d5 Nc5 13. dxe6 Nxe6 14. Qe2 Qd3 15.
Qxe6+ fxe6 16. Bxd3 cxd3 17. f3 c5 18. Kd2 c4 19. a4 b4 20. Ne4 Bxe4 21. fxe4
Bd6 22. h4 Be5 23. Rac1 Rc8 24. b3 Bc3+ 25. Ke3 d2 26. Rb1 Kf7 27. Ke2 cxb3 28.
Rxb3 Rc4 29. e5 Re4+ 30. Be3 Rxe5 31. g4 Kxf6 32. g5+ Kg6 33. Rh3 Re4 34. Rb1
Rhxh4 35. Rf3 Rh2+ 36. Kd3 Re5 37. Rf6+ Kg7 38. Rf4 Rd5+ 39. Bd4+ e5 40. Re4
Rxd4+ 0-1

[Event "Kvika Reykjavik Open 2022"]
[Site "Reykjavik ISL"]
[Date "2022.04.11"]
[Round "8.84"]
[White "Baecker, Niko"]
[Black "Patel, Zain"]
[Result "1-0"]
[WhiteElo "1885"]
[BlackElo "1557"]
[WhiteFideId "1669141"]
[BlackFideId "469246"]
[EventDate "2022.04.06"]

1. d4 Nf6 2. c4 e6 3. Nc3 Bb4 4. Bg5 O-O 5. e3 c5 6. d5 e5 7. Qc2 h6 8. Bh4 d6
9. a3 Ba5 10. Nf3 b5 11. Bxf6 Qxf6 12. cxb5 Re8 13. e4 Qf4 14. Nd2 f5 15. f3
Qe3+ 16. Be2 fxe4 17. Nc4 Bxc3+ 18. bxc3 Qg5 19. Nxd6 Qxg2 20. O-O-O exf3 21.
Rdg1 Qxe2 22. Qxe2 fxe2 23. Nxe8 Bf5 24. Nc7 1-0

[Event "Kvika Reykjavik Open 2022"]
[Site "Reykjavik ISL"]
[Date "2022.04.11"]
[Round "8.85"]
[White "Bohlin, Jan"]
[Black "Sandin, Albin"]
[Result "0-1"]
[WhiteElo "1849"]
[BlackElo "1513"]
[WhiteFideId "1758616"]
[BlackFideId "1731092"]
[EventDate "2022.04.06"]

1. c4 c5 2. g3 Nf6 3. Bg2 e6 4. Nf3 Be7 5. O-O O-O 6. d4 cxd4 7. Nxd4 a6 8. Nc3
Qc7 9. b3 d6 10. Bb2 Bd7 11. Rc1 Nc6 12. Nd5 Qd8 13. Nxe7+ Qxe7 14. Ba3 Rfd8 15.
Qd2 Nxd4 16. Qxd4 Bc6 17. Rfd1 Bxg2 18. Bxd6 Rxd6 19. Qxd6 Qxd6 0-1

[Event "Kvika Reykjavik Open 2022"]
[Site "Reykjavik ISL"]
[Date "2022.04.11"]
[Round "8.86"]
[White "Bryant, Harry"]
[Black "Finnbogadottir, Tinna Kristin"]
[Result "1/2-1/2"]
[WhiteElo "1425"]
[BlackElo "1848"]
[WhiteFideId "489158"]
[BlackFideId "2300214"]
[EventDate "2022.04.06"]

1. e4 c5 2. Nf3 g6 3. d4 cxd4 4. Nxd4 Bg7 5. Nc3 Nc6 6. Be3 Nf6 7. f3 O-O 8. Bc4
Qb6 9. Rb1 Nxe4 10. Nxe4 Bxd4 11. Bxd4 Qxd4 12. Qxd4 Nxd4 13. c3 Nc6 14. O-O b6
15. Rbd1 d6 16. f4 Bb7 17. Bd5 Na5 18. Bxb7 Nxb7 19. f5 Nc5 20. Nxc5 dxc5 21.
Rd7 Rfe8 22. Re1 gxf5 23. Rexe7 Rxe7 24. Rxe7 Kg7 25. Kf2 Kf6 26. Rd7 Ke6 27.
Rd3 c4 28. Re3+ Kf6 29. Rh3 Rd8 30. Ke2 Rg8 31. Kf2 Rg7 32. Rh6+ Ke5 33. Rc6 Kd5
34. Rf6 Ke4 35. Rd6 Ke5 36. Rc6 Kd5 37. Rf6 1/2-1/2

[Event "Kvika Reykjavik Open 2022"]
[Site "Reykjavik ISL"]
[Date "2022.04.11"]
[Round "8.87"]
[White "Shuey, Michael"]
[Black "Kewalramani, Abhir"]
[Result "1-0"]
[WhiteElo "1838"]
[BlackElo "1474"]
[WhiteFideId "30957176"]
[BlackFideId "366196828"]
[EventDate "2022.04.06"]

1. Nf3 d5 2. c4 c6 3. b3 Nf6 4. Bb2 g6 5. Bxf6 exf6 6. cxd5 cxd5 7. e3 Bg7 8. d4
O-O 9. Be2 Nd7 10. O-O f5 11. h3 Nf6 12. Qc2 Bd7 13. Ne5 Rc8 14. Qb2 Ne4 15.
Nxd7 Qxd7 16. Nd2 Qe7 17. Nxe4 fxe4 18. Rac1 Qd7 19. Rxc8 Rxc8 20. Rc1 Rc6 21.
Rxc6 Qxc6 22. Bd1 Qb5 23. Be2 Qb4 24. Kf1 Bf8 25. Qc2 Kg7 26. Qc1 a5 27. Qe1 Qd6
28. Qxa5 b6 29. Qb5 Qh2 30. Ke1 Qc7 31. Bd1 Qc3+ 32. Kf1 Bb4 33. Qe2 Kf8 34. g3
Ke7 35. Kg2 Qd2 36. Qxd2 Bxd2 37. Be2 Bb4 38. Kf1 Ke6 39. Ba6 Be7 40. f4 f6 41.
Bc8+ Kd6 42. f5 g5 43. a3 Bf8 44. Be6 Kc6 45. b4 Bh6 46. Kf2 Bf8 47. Bg8 h6 48.
Bf7 Be7 49. Kg2 Bf8 50. h4 h5 51. hxg5 fxg5 52. Bxh5 Bg7 53. Kh3 Kb5 54. Bf7 Kc4
55. Kg2 Bf6 56. g4 b5 57. Kf2 Be7 58. Ke2 Bf6 59. Kd2 Be7 60. Kc2 Bf6 61. Be8
Bg7 62. Bc6 Bf6 63. a4 bxa4 64. b5 a3 65. b6 a2 66. Kb2 Bxd4+ 67. exd4 e3 68.
Kxa2 e2 69. Bb5+ Kxb5 70. b7 e1=Q 71. b8=Q+ Kc6 72. Qc8+ Kb6 73. Qe6+ Qxe6 74.
fxe6 Kc6 75. Kb3 Kd6 76. Kb4 Kxe6 77. Kc5 Ke7 78. Kxd5 Kd7 79. Ke5 Kc6 80. Ke6
Kc7 81. Kf6 1-0

[Event "Kvika Reykjavik Open 2022"]
[Site "Reykjavik ISL"]
[Date "2022.04.11"]
[Round "8.88"]
[White "Hermes, Geoff R"]
[Black "Hafdisarson, Ingi Thor"]
[Result "1-0"]
[WhiteElo "1837"]
[BlackElo "1314"]
[WhiteFideId "423254"]
[BlackFideId "2306956"]
[EventDate "2022.04.06"]

1. c4 b6 2. g3 Bb7 3. Nf3 e6 4. Bg2 Nf6 5. O-O Be7 6. Nc3 O-O 7. d4 d5 8. cxd5
exd5 9. Bf4 Nh5 10. Bd2 Nf6 11. Rc1 c6 12. Qc2 Nbd7 13. Nh4 Re8 14. Nf5 Bf8 15.
Bf4 Rc8 16. e4 Nb8 17. e5 Nfd7 18. Qd2 f6 19. Rfe1 fxe5 20. dxe5 Nc5 21. Nd4 Ba6
22. Bf1 Bxf1 23. Kxf1 Ne6 24. Nxe6 Rxe6 25. Bg5 Be7 26. Bxe7 Qxe7 27. Qd4 Rd8
28. f4 c5 29. Qd1 d4 30. Ne4 Qb7 31. Qb3 Qd5 32. Qxd5 Rxd5 33. Ng5 Re7 34. b4 h6
35. Ne4 Na6 36. bxc5 Nxc5 37. Nxc5 bxc5 38. Ke2 Rc7 39. Kd3 Kf7 40. Kc4 Rd8 41.
f5 d3 42. Red1 Rd4+ 43. Kc3 Ra4 44. Rxd3 Rxa2 45. Rcd1 Ra3+ 46. Kc4 Rxd3 47.
Rxd3 h5 48. h3 g6 49. g4 hxg4 50. hxg4 gxf5 51. gxf5 Ke7 52. Rd5 a5 53. Rxc5 Ra7
54. Kb3 a4+ 55. Ka3 Kf7 56. Rd5 Ke7 57. Rd6 Ra5 58. f6+ Kf7 59. Rd7+ Ke6 60.
Re7+ Kf5 61. f7 1-0

[Event "Kvika Reykjavik Open 2022"]
[Site "Reykjavik ISL"]
[Date "2022.04.11"]
[Round "8.89"]
[White "Herrera, Diego"]
[Black "Johannsson, Markus Orri"]
[Result "1-0"]
[WhiteElo "1832"]
[BlackElo "1288"]
[WhiteFideId "6601170"]
[BlackFideId "2318539"]
[EventDate "2022.04.06"]

1. e4 e5 2. Bc4 Nf6 3. d4 d6 4. dxe5 dxe5 5. Bxf7+ Ke7 6. Qxd8+ Kxd8 7. Bg5 Be7
8. Nc3 Nc6 9. O-O-O+ Bd7 10. Nf3 Kc8 11. h3 h6 12. Bh4 g5 13. Bg3 Rf8 14. Bd5
Bd6 15. Rhe1 Re8 16. a3 a6 17. Nd2 Nxd5 18. Nxd5 b5 19. Nb3 Rf8 20. Nb6+ cxb6
21. Rxd6 Kc7 22. Red1 Rf7 23. Rxh6 Rg8 24. c3 Re7 25. Nd2 Na5 26. Nf1 Bc6 27. f3
Nb3+ 28. Kc2 Nc5 29. Ne3 Kb7 30. Nd5 Bxd5 31. Rxd5 Nd7 32. Rdd6 Kc7 33. Rde6 Kd8
34. Rxe7 Kxe7 35. Bf2 Rb8 36. Be3 1-0

[Event "Kvika Reykjavik Open 2022"]
[Site "Reykjavik ISL"]
[Date "2022.04.11"]
[Round "8.90"]
[White "Gregersen, Einar"]
[Black "Hallmundarson, Birkir"]
[Result "1-0"]
[WhiteElo "1822"]
[BlackElo "1162"]
[WhiteFideId "7200153"]
[BlackFideId "2319446"]
[EventDate "2022.04.06"]

1. e4 Nf6 2. e5 Nd5 3. c4 Nb6 4. d4 d6 5. exd6 cxd6 6. Nc3 g6 7. Be3 Bg7 8. Rc1
O-O 9. b3 f5 10. f4 N8d7 11. c5 dxc5 12. dxc5 Qc7 13. Nb5 Qc6 14. cxb6 Qe4 15.
Qd3 axb6 16. Qxe4 fxe4 17. Bc4+ Kh8 18. b4 e5 19. g3 Ra4 20. a3 exf4 21. gxf4
Bb2 22. Rd1 Bxa3 23. Nxa3 Rxa3 24. Bc1 Rc3 25. Bb2 h5 26. Bxc3+ Kh7 27. Be6 Nb8
28. Bxc8 Rxc8 29. Ne2 e3 30. b5 Rc7 31. Rd8 g5 32. f5 Kh6 33. Rh8+ Rh7 34. Rxb8
g4 35. Rh8 h4 36. Rxh7+ Kxh7 37. Rg1 Kh6 38. Rxg4 Kh5 39. h3 Kh6 40. f6 Kh5 41.
f7 Kh6 42. f8=Q+ 1-0

[Event "Kvika Reykjavik Open 2022"]
[Site "Reykjavik ISL"]
[Date "2022.04.11"]
[Round "8.95"]
[White "Grose, Kameron"]
[Black "Schmidt, Kai-Uwe"]
[Result "0-1"]
[WhiteElo "1681"]
[BlackElo "1904"]
[WhiteFideId "474010"]
[BlackFideId "4608755"]
[EventDate "2022.04.06"]

1. e4 d6 2. d4 Nf6 3. Bd3 e5 4. Nf3 exd4 5. Nxd4 Be7 6. Nc3 O-O 7. O-O a6 8. Bf4
g6 9. Qd2 b5 10. Bh6 Re8 11. Nd5 Nxd5 12. exd5 Bb7 13. c4 bxc4 14. Bxc4 Nd7 15.
Nc6 Bxc6 16. dxc6 Nf6 17. Bd5 Nxd5 18. Qxd5 Bf6 19. Qd2 Rb8 20. Rab1 Re4 21. Be3
d5 22. f3 Re6 23. Rfd1 Rxc6 24. Qxd5 Rd6 0-1

[Event "Kvika Reykjavik Open 2022"]
[Site "Reykjavik ISL"]
[Date "2022.04.11"]
[Round "8.96"]
[White "Bulacio, Juan Manuel"]
[Black "Kolka, Dawid"]
[Result "0-1"]
[WhiteElo "1636"]
[BlackElo "1897"]
[WhiteFideId "20006330"]
[BlackFideId "2308010"]
[EventDate "2022.04.06"]

1. e4 d5 2. exd5 Nf6 3. d4 Qxd5 4. Nc3 Qd6 5. Bc4 c6 6. a4 Bg4 7. Nge2 e6 8. h3
Bh5 9. g4 Bg6 10. Bd3 Qc7 11. Bf4 Bd6 12. Bg3 Nbd7 13. f4 Nd5 14. Nxd5 cxd5 15.
c3 Nf6 16. Bb5+ Kf8 17. Bd3 Be4 18. Bxe4 Nxe4 19. Bh2 h5 20. g5 Nxg5 21. fxg5
Bxh2 22. Qd3 h4 23. Rf1 Bg3+ 24. Kd2 Ke7 25. Rf3 Bd6 26. Raf1 Raf8 27. Nf4 Kd8
28. g6 Bxf4+ 29. Rxf4 f5 30. R4f2 Rh6 31. Rg1 Rf6 32. Rfg2 Qf4+ 33. Kc2 Qe4 34.
Kd2 a6 35. Rg5 Kd7 36. c4 Qf4+ 37. Kc3 Rh8 38. c5 e5 39. dxe5 Qxe5+ 40. Qd4 Re8
41. Qxe5 Rxe5 42. b4 Re4 43. Rh5 Re3+ 44. Kd4 Rg3 45. Rxg3 hxg3 46. Rg5 f4 47.
Rxd5+ Kc6 48. Re5 f3 49. b5+ Kc7 50. b6+ Kc6 51. Re8 f2 52. Rc8+ Kd7 53. Rc7+
Ke6 0-1

[Event "Kvika Reykjavik Open 2022"]
[Site "Reykjavik ISL"]
[Date "2022.04.11"]
[Round "8.97"]
[White "Sigurthorsson, Kristinn J"]
[Black "Hreinsson, Johann Helgi"]
[Result "1-0"]
[WhiteElo "1818"]
[BlackElo "1406"]
[WhiteFideId "2311585"]
[BlackFideId "2317540"]
[EventDate "2022.04.06"]

1. e4 e6 2. d4 d5 3. e5 c5 4. c3 Qb6 5. Nf3 Nc6 6. Bd3 Bd7 7. O-O cxd4 8. cxd4
Nxd4 9. Nxd4 Qxd4 10. Nc3 Qxe5 11. Re1 Qb8 12. Nxd5 Bd6 13. Qh5 Ne7 14. Nxe7
Bxe7 15. Bb5 Qc7 16. Rxe6 Bxb5 17. Qxb5+ Qd7 18. Qxd7+ Kxd7 19. Re4 Bf6 20. Bf4
Rad8 21. Rc1 Rhe8 22. Rd1+ Kc6 23. Rd6+ Kc5 24. b3 b5 25. b4# 1-0

[Event "Kvika Reykjavik Open 2022"]
[Site "Reykjavik ISL"]
[Date "2022.04.11"]
[Round "8.98"]
[White "Seshadri, Sridhar"]
[Black "Koes, Richard"]
[Result "1/2-1/2"]
[WhiteElo "1542"]
[BlackElo "1807"]
[WhiteFideId "30913942"]
[BlackFideId "1020528"]
[EventDate "2022.04.06"]

1. c4 Nc6 2. Nc3 e5 3. e4 Bc5 4. d3 Nf6 5. h3 h6 6. Be3 Nd4 7. Bxd4 exd4 8. Nb1
Bb4+ 9. Nd2 Be7 10. Ne2 c5 11. Nf4 d6 12. g3 Bd7 13. a4 Bc6 14. Bg2 O-O 15. O-O
Qd7 16. Nd5 Bxd5 17. exd5 Nh7 18. Kh2 f5 19. f4 Bf6 20. Re1 Rae8 21. Re6 Re7 22.
Qh5 Rfe8 23. Qxf5 Nf8 24. Ne4 Rxe6 25. dxe6 Rxe6 26. Nxf6+ Rxf6 27. Qd5+ Kh8 28.
Qxb7 Qxb7 29. Bxb7 g5 30. Rf1 Kg8 31. Kg2 Ng6 32. Be4 Ne7 33. Kf3 Rf8 34. f5
Nxf5 1/2-1/2

[Event "Kvika Reykjavik Open 2022"]
[Site "Reykjavik ISL"]
[Date "2022.04.11"]
[Round "8.99"]
[White "Gudnyjarson, Sigurdur Pall"]
[Black "Finnsson, Johann Arnar"]
[Result "0-1"]
[WhiteElo "1420"]
[BlackElo "1805"]
[WhiteFideId "2321637"]
[BlackFideId "2308240"]
[EventDate "2022.04.06"]

1. d4 g6 2. c4 Bg7 3. e4 c5 4. d5 d6 5. f4 e6 6. Be2 exd5 7. cxd5 Nf6 8. Nc3 O-O
9. Nf3 Re8 10. e5 Ng4 11. h3 Nh6 12. g4 dxe5 13. fxe5 Nd7 14. Bg5 f6 15. Bxh6
Bxh6 16. e6 Ne5 17. Nxe5 fxe5 18. h4 Be3 19. g5 a6 20. Rh3 Bd4 21. Ne4 Kh8 22.
h5 Qxd5 23. Nf6 Qg2 24. Qd3 Bxe6 25. Nxh7 Bf2+ 26. Kd1 Red8 27. hxg6 Bxh3 0-1

[Event "Kvika Reykjavik Open 2022"]
[Site "Reykjavik ISL"]
[Date "2022.04.11"]
[Round "8.100"]
[White "Klasinc, Kristjan"]
[Black "Briem, Gudrun Fanney"]
[Result "1-0"]
[WhiteElo "1779"]
[BlackElo "1364"]
[WhiteFideId "12966460"]
[BlackFideId "2317486"]
[EventDate "2022.04.06"]

1. e4 c5 2. Nf3 Nc6 3. d3 d6 4. g3 Nf6 5. Bg2 e6 6. O-O Be7 7. c3 O-O 8. a4 Qc7
9. Na3 a6 10. Nh4 d5 11. f4 dxe4 12. dxe4 e5 13. Nc4 Bg4 14. Qc2 Rad8 15. Nxe5
Nxe5 16. fxe5 Qxe5 17. Bf4 Qe6 18. Nf5 Bxf5 19. exf5 Qb6 20. a5 Qa7 21. c4 Bd6
22. Bg5 Be5 23. Rae1 Bd4+ 24. Kh1 Rfe8 25. Bxf6 Bxf6 26. Bd5 h6 27. Re2 Rxe2 28.
Qxe2 Qb8 29. Re1 Qc7 30. Qd2 Bg5 31. Qc3 Bf6 32. Qa3 Qc8 33. b4 cxb4 34. Qxb4 b5
35. axb6 Qxf5 36. b7 Be5 37. Be4 Qf2 38. Rb1 1-0

[Event "Kvika Reykjavik Open 2022"]
[Site "Reykjavik ISL"]
[Date "2022.04.11"]
[Round "8.101"]
[White "Omarsson, Josef"]
[Black "Smith, Lynda"]
[Result "1/2-1/2"]
[BlackTitle "WCM"]
[WhiteElo "1352"]
[BlackElo "1772"]
[WhiteFideId "2316102"]
[BlackFideId "1800191"]
[EventDate "2022.04.06"]

1. d4 f5 2. Bf4 Nf6 3. e3 g6 4. h4 h6 5. Qf3 Nh5 6. Be5 Bg7 7. Bxg7 Nxg7 8. Qg3
Kf7 9. Nf3 d6 10. Bc4+ e6 11. Nc3 Nh5 12. Qh2 c6 13. O-O-O b5 14. Bd3 b4 15. Ne2
Ba6 16. Nf4 Nxf4 17. Qxf4 Bxd3 18. Rxd3 Na6 19. g4 Kg7 20. gxf5 exf5 21. h5 g5
22. Qxf5 Qf6 23. Qd7+ Qf7 24. Qxc6 Qxa2 25. Qb7+ Qf7 26. Qxf7+ Kxf7 27. Nh2 Nc7
28. Ng4 Ne6 29. e4 Nf4 30. Rf3 a5 31. Kd2 Kg7 32. Ne3 Rhd8 33. Nf5+ Kh7 34. Ng3
Rdc8 35. b3 a4 36. bxa4 Rxa4 37. Rb3 Rc4 38. Nf5 Ne6 39. Kd3 Rc6 40. Kd2 Rc4 41.
Kd3 Rc6 1/2-1/2

[Event "Kvika Reykjavik Open 2022"]
[Site "Reykjavik ISL"]
[Date "2022.04.11"]
[Round "8.102"]
[White "Palsson, Oli"]
[Black "Haugen, Lars Tormod"]
[Result "0-1"]
[WhiteElo "1295"]
[BlackElo "1741"]
[WhiteFideId "2320142"]
[BlackFideId "1559966"]
[EventDate "2022.04.06"]

1. e4 c5 2. Nf3 g6 3. Bc4 Bg7 4. O-O d6 5. Re1 Nf6 6. h3 O-O 7. c3 Nxe4 8. Bxf7+
Rxf7 9. Rxe4 Bf5 10. Re1 Bd3 11. Ng5 Rf5 12. Ne6 Qd7 13. Re3 c4 14. Qe1 Nc6 15.
b3 Bh6 16. Bb2 Bxe3 17. dxe3 Qxe6 18. Nd2 Raf8 19. f3 d5 20. bxc4 dxc4 21. Nf1
Bxf1 22. Qxf1 Qxe3+ 23. Kh1 Ne5 24. Re1 Qd3 0-1

[Event "Kvika Reykjavik Open 2022"]
[Site "Reykjavik ISL"]
[Date "2022.04.11"]
[Round "8.108"]
[White "Jonsson, Olafur Gisli"]
[Black "Marzik, Arne"]
[Result "0-1"]
[WhiteElo "1847"]
[BlackElo "1446"]
[WhiteFideId "2302705"]
[BlackFideId "16254678"]
[EventDate "2022.04.06"]

1. d4 Nf6 2. c4 c5 3. d5 e6 4. Nc3 d6 5. e4 g6 6. Nf3 Bg7 7. Be2 O-O 8. O-O exd5
9. cxd5 Re8 10. Nd2 Nbd7 11. Qc2 Ne5 12. h3 a6 13. a4 b6 14. f4 Ned7 15. Nc4 Qe7
16. Bf3 Bf8 17. Be3 Rb8 18. Rfe1 b5 19. axb5 axb5 20. Na5 Bb7 21. Nxb5 Nxe4 22.
Na7 Bxd5 23. N7c6 Qe6 24. Nxb8 Rxb8 25. Bd2 f5 26. Bc3 Bh6 27. g3 Qf7 28. Kg2
Ndf6 29. Red1 Nxc3 30. Qxc3 Ne4 31. Qa3 Bg7 32. Rab1 c4 33. Rdc1 Nd2 34. Bxd5
Qxd5+ 35. Kh2 Nf3+ 36. Kh1 Nh4+ 37. Kh2 Qg2# 0-1

[Event "Kvika Reykjavik Open 2022"]
[Site "Reykjavik ISL"]
[Date "2022.04.11"]
[Round "8.110"]
[White "Sundberg, William"]
[Black "Stefansson, Benedikt"]
[Result "0-1"]
[WhiteElo "1279"]
[BlackElo "1493"]
[WhiteFideId "1742043"]
[BlackFideId "2312379"]
[EventDate "2022.04.06"]

1. e4 e6 2. Nf3 b6 3. Be2 Bb7 4. d3 c5 5. O-O Nc6 6. Bg5 Be7 7. Qd2 Nf6 8. Nc3
a6 9. a3 Nd4 10. Nxd4 cxd4 11. Na2 h6 12. Bf4 d6 13. e5 dxe5 14. Bxe5 Rc8 15.
Rac1 Bxg2 16. Rfe1 Qd5 17. Qf4 Bh3 18. Bf3 Qxa2 19. Qxd4 Nd7 20. Ra1 Nxe5 21.
Qxe5 Bf6 22. Qd6 Qxb2 23. Bc6+ Rxc6 24. Qxc6+ Ke7 25. Qc7+ Ke8 26. Qc8+ Bd8 27.
Qxa6 Qf6 28. Qa4+ Kf8 29. Qe4 Qg5+ 30. Kh1 g6 31. Rg1 Qd5 32. Qxd5 exd5 33. Rge1
Be6 34. Rec1 Kg7 35. Kg2 Bf6 36. Ra2 Ra8 37. Rb1 Ra6 38. a4 Bc3 0-1

[Event "Kvika Reykjavik Open 2022"]
[Site "Reykjavik ISL"]
[Date "2022.04.11"]
[Round "8.111"]
[White "Gasanova, Ulker"]
[Black "De Wachter, Livia"]
[Result "0-1"]
[WhiteElo "1479"]
[BlackElo "1171"]
[WhiteFideId "2302055"]
[BlackFideId "255505"]
[EventDate "2022.04.06"]

1. e4 c6 2. d4 d5 3. e5 c5 4. c3 Nc6 5. Bb5 a6 6. Bxc6+ bxc6 7. h3 e6 8. Nf3 Qb6
9. O-O Nh6 10. dxc5 Bxc5 11. b4 Bf8 12. Be3 c5 13. a3 Nf5 14. Qe2 Bd7 15. a4 Be7
16. Nbd2 O-O 17. Rfd1 Rfb8 18. Nc4 Qc7 19. Nd6 Nxe3 20. Qxe3 cxb4 21. cxb4 Rxb4
22. Rdc1 Qb8 23. a5 Bxd6 24. exd6 Qxd6 25. Qa3 Rab8 26. Qe3 Bb5 27. Qa7 Bc4 28.
Ng5 R8b7 29. Qd4 Qe7 30. Nf3 Qf6 31. Ne5 h6 32. Qe3 Rb3 33. Qd4 R7b4 34. f4 Bb5
35. Rc8+ Kh7 36. Qa7 Rb1+ 37. Rc1 Rxc1+ 38. Rxc1 Rxf4 39. Nf3 Be2 40. Qe3 Bxf3
41. gxf3 Rxf3 42. Qe2 Rg3+ 43. Kh2 Qf3 0-1

[Event "Kvika Reykjavik Open 2022"]
[Site "Reykjavik ISL"]
[Date "2022.04.11"]
[Round "8.112"]
[White "Smith, Chris P"]
[Black "Hafthorsson, Jon Ulfur"]
[Result "1-0"]
[WhiteElo "1454"]
[BlackElo "1186"]
[WhiteFideId "424617"]
[BlackFideId "2323206"]
[EventDate "2022.04.06"]

1. d4 Nf6 2. c4 c5 3. d5 b5 4. Qc2 bxc4 5. e4 Ba6 6. Bxc4 Bxc4 7. Qxc4 e6 8. Bg5
Be7 9. Nc3 d6 10. dxe6 fxe6 11. Qxe6 Qd7 12. Qxd7+ Nbxd7 13. Nge2 h6 14. Bxf6
Bxf6 15. Rd1 Rb8 16. b3 Rb6 17. O-O O-O 18. Rd2 g5 19. Rfd1 Be5 20. Nd5 Ra6 21.
Ne7+ Kh7 22. Nf5 Rf6 23. Nc1 Nf8 24. Nd3 Bc3 25. Rc2 Ba5 26. Nb2 Bc7 27. Nc4 Ne6
28. Ncxd6 Bxd6 29. Nxd6 Nd4 30. e5 Nxc2 31. exf6 Nd4 32. Ne4 Rc6 33. h3 Kg6 34.
Nxc5 Nf3+ 35. gxf3 Rxc5 36. f7 Kg7 37. Rd7 Ra5 38. a4 a6 39. Ra7 Rf5 40. Kg2 1-0

[Event "Kvika Reykjavik Open 2022"]
[Site "Reykjavik ISL"]
[Date "2022.04.11"]
[Round "8.113"]
[White "Neilooday, Raj"]
[Black "Natoli, Domenico"]
[Result "0-1"]
[WhiteElo "1201"]
[BlackElo "1608"]
[WhiteFideId "33344671"]
[BlackFideId "806277"]
[EventDate "2022.04.06"]

1. e4 c5 2. Nf3 d6 3. d4 cxd4 4. Nxd4 Nf6 5. Nc3 a6 6. Be3 e5 7. Nb3 Be6 8. f3
h5 9. Qd2 Nbd7 10. O-O-O Rc8 11. Nd5 Nxd5 12. exd5 Bf5 13. Bd3 Bxd3 14. Qxd3 Be7
15. h3 Nf6 16. g4 Qc7 17. c3 Qc4 18. Qxc4 Rxc4 19. Na5 Rc7 20. f4 exf4 21. Bxf4
Ne4 22. Rde1 Nf2 23. Bxd6 Rd7 24. Rxe7+ Rxe7 25. Bxe7 Nxh1 26. d6 Nf2 27. Nxb7
hxg4 28. hxg4 Nxg4 29. b4 Ne5 30. Nd8 Kd7 31. a4 Rxd8 32. Bxd8 Kxd8 33. b5 a5
34. b6 Nd7 35. b7 Nb8 36. c4 Kd7 37. c5 Kc6 38. Kb2 Kxc5 39. Kb3 g5 40. d7 Nxd7
41. b8=Q Nxb8 42. Ka3 g4 43. Kb3 g3 44. Kb2 g2 45. Kc2 g1=Q 46. Kd3 f5 47. Ke2
Qg3 48. Kd2 Kd4 49. Kc2 f4 50. Kd1 Qg2 51. Ke1 Kd3 52. Kd1 Qd2# 0-1

[Event "Kvika Reykjavik Open 2022"]
[Site "Reykjavik ISL"]
[Date "2022.04.11"]
[Round "8.116"]
[White "Eythorsson, Engilbert Vidar"]
[Black "Saemundarson, Saethor Ingi"]
[Result "1-0"]
[WhiteElo "1253"]
[BlackElo "1212"]
[WhiteFideId "2321769"]
[BlackFideId "2319845"]
[EventDate "2022.04.06"]

1. d4 d5 2. c4 e6 3. Nf3 Nf6 4. Bg5 Be7 5. e3 O-O 6. Nc3 h6 7. Bf4 c5 8. Nb5 Ne8
9. Bxb8 Rxb8 10. Nxa7 Qa5+ 11. Qd2 Qxa7 12. cxd5 exd5 13. Ne5 Nf6 14. Bd3 Be6
15. O-O Rbc8 16. f4 cxd4 17. exd4 Qxd4+ 18. Kh1 Ne4 19. Qe2 Bf5 20. g4 Bh7 21.
Rad1 Bf6 22. Nd7 Rfe8 23. Qg2 Qa4 24. Nb6 Qxa2 25. Nxc8 Rxc8 26. f5 Qxb2 27.
Bxe4 dxe4 28. Qxe4 Be5 29. Qg2 Qxg2+ 30. Kxg2 Rc2+ 31. Kf3 Kh8 32. Rfe1 Bxh2 33.
Re8+ Bg8 34. Rdd8 b5 35. Rxg8+ Kh7 36. Rh8# 1-0

[Event "Kvika Reykjavik Open 2022"]
[Site "Reykjavik ISL"]
[Date "2022.04.12"]
[Round "9.1"]
[White "Andersen, Mads"]
[Black "Warmerdam, Max"]
[Result "1/2-1/2"]
[WhiteTitle "GM"]
[BlackTitle "GM"]
[WhiteElo "2582"]
[BlackElo "2599"]
[WhiteFideId "1413864"]
[BlackFideId "1048104"]
[EventDate "2022.04.06"]

1. e4 c5 2. Nf3 d6 3. Bb5+ Bd7 4. c4 Nf6 5. Nc3 g6 6. Bxd7+ Qxd7 7. d4 cxd4 8.
Qxd4 Bg7 9. O-O O-O 10. Bg5 h6 11. Bd2 Nc6 12. Qd3 Rac8 13. b3 Rfd8 14. Rad1 Ng4
15. Qe2 Qe8 16. h3 1/2-1/2

[Event "Kvika Reykjavik Open 2022"]
[Site "Reykjavik ISL"]
[Date "2022.04.12"]
[Round "9.2"]
[White "Gukesh, D"]
[Black "Praggnanandhaa, R"]
[Result "0-1"]
[WhiteTitle "GM"]
[BlackTitle "GM"]
[WhiteElo "2637"]
[BlackElo "2624"]
[WhiteFideId "46616543"]
[BlackFideId "25059530"]
[EventDate "2022.04.06"]

1. d4 Nf6 2. c4 e6 3. Nc3 Bb4 4. e3 O-O 5. Bd3 d5 6. cxd5 exd5 7. a3 Bd6 8. Qc2
b6 9. b4 c5 10. bxc5 bxc5 11. dxc5 Bxc5 12. Nf3 Re8 13. O-O Bg4 14. Rd1 Bxf3 15.
gxf3 Bd6 16. Bb2 Be5 17. Bb5 Nbd7 18. Nxd5 Bxb2 19. Qxb2 Re5 20. Bxd7 Rxd5 21.
Rxd5 Nxd5 22. Bh3 Nb6 23. Qe5 Qd2 24. f4 Qe2 25. Rc1 Qd3 26. Qc3 Rd8 27. Qc7 h6
28. Qxa7 Nd5 29. Bf1 Qg6+ 30. Bg2 Nc3 31. Rf1 Qd3 32. a4 Rd6 33. a5 Rg6 34. Kh1
Kh7 35. Qd4 Qf5 36. Qe5 Qg4 37. Rg1 Nd1 38. Qf5 0-1